[Event "Quebec-ch qual."]
[Site "Montreal CAN"]
[Date "2019.02.03"]
[Round "3.1"]
[White "Zheng, Richard"]
[Black "Beaulieu, Eric"]
[Result "1/2-1/2"]
[WhiteElo "2073"]
[BlackElo "2224"]
[PlyCount "137"]
[EventDate "2019.02.02"]
[EventType "swiss"]
[EventRounds "4"]
[EventCountry "CAN"]

1. b3 e5 2. Bb2 Nc6 3. e3 Nf6 4. Bb5 Bd6 5. Bxc6 dxc6 6. d3 Qe7 7. e4 Bg4 8.
Ne2 O-O-O 9. h3 Bh5 10. f3 Bc5 11. Nbc3 Be3 12. Bc1 Bxc1 13. Qxc1 Nd7 14. Qe3
Qa3 15. Kf2 f6 16. Qc1 Qxc1 17. Raxc1 c5 18. Nd5 Bf7 19. Ne7+ Kb8 20. Nf5 g6
21. Ne3 Be6 22. g4 Rhf8 23. Ng3 Kc8 24. Rcd1 Nb8 25. Rd2 Nc6 26. h4 b5 27. Rhd1
Nb4 28. c3 Nc6 29. Nc2 b4 30. cxb4 cxb4 31. d4 exd4 32. Nxd4 Nxd4 33. Rxd4 c5
34. R4d2 a5 35. Ke3 Kc7 36. Ne2 a4 37. Nf4 Bg8 38. Rxd8 Rxd8 39. Rxd8 Kxd8 40.
Nd3 axb3 41. axb3 Bxb3 42. Nxc5 Bd1 43. Nd3 b3 44. Nb2 Bc2 45. f4 h6 46. Kd4
Ke7 47. Kd5 Kd7 48. g5 fxg5 49. fxg5 h5 50. Ke5 Kc6 51. Kd4 Kb5 52. e5 Kc6 53.
Nc4 Kd7 54. Kd5 Bf5 55. Nb2 Be6+ 56. Kd4 Kc6 57. Nd3 Kb5 58. Kc3 Bf5 59. Nf4
Bc2 60. Nd5 Kc5 61. e6 Kd6 62. e7 Kd7 63. Kb2 Ke8 64. Kc3 Kf7 65. Kb2 Bd1 66.
Nf4 Bc2 67. Nd5 Bd1 68. Nf4 Bc2 69. Nd5 1/2-1/2

[Event "Quebec-ch qual."]
[Site "Montreal CAN"]
[Date "2019.02.03"]
[Round "3.2"]
[White "Zhong, Kevin"]
[Black "Langlois-Remillard, Alexis"]
[Result "1-0"]
[WhiteElo "2171"]
[BlackElo "2165"]
[PlyCount "81"]
[EventDate "2019.02.02"]
[EventType "swiss"]
[EventRounds "4"]
[EventCountry "CAN"]

1. e4 e6 2. Nf3 d5 3. Nc3 Nf6 4. e5 Nfd7 5. d4 c5 6. dxc5 Nc6 7. Bf4 Bxc5 8.
Bd3 f6 9. exf6 Nxf6 10. Qe2 O-O 11. O-O-O a6 12. Kb1 b5 13. g4 Nxg4 14. Bxh7+
Kh8 15. Ne5 Ncxe5 16. Bxe5 Qh4 17. Bg3 Qxh7 18. Qxg4 e5 19. Qe2 Bd4 20. Qd2 Bf5
21. Ne2 Bb6 22. Bxe5 Rac8 23. Rc1 Rfe8 24. f4 Be4 25. Rhd1 Bf3 26. Rf1 Bg2 27.
Rfe1 b4 28. Nd4 Be4 29. Rg1 Rxe5 30. fxe5 Rc4 31. Rgf1 Qg6 32. Ne2 a5 33. Nf4
Qc6 34. Nh5 a4 35. Rf8+ Kh7 36. Nf6+ Kg6 37. Nxe4 Rxe4 38. Qg2+ Kh7 39. Qh3+
Kg6 40. Qf5+ Kh6 41. Rh8# 1-0

[Event "Quebec-ch qual."]
[Site "Montreal CAN"]
[Date "2019.02.03"]
[Round "3.3"]
[White "Masse, Hugues"]
[Black "Toenz, Antoine"]
[Result "1-0"]
[WhiteElo "2288"]
[BlackElo "2025"]
[PlyCount "59"]
[EventDate "2019.02.02"]
[EventType "swiss"]
[EventRounds "4"]
[EventCountry "CAN"]

1. e4 c6 2. d4 d5 3. e5 c5 4. Nf3 Bg4 5. dxc5 Nc6 6. Bb5 e6 7. b4 Qc7 8. O-O
Nge7 9. Nbd2 a6 10. Ba4 Ng6 11. h3 Bxf3 12. Nxf3 Ngxe5 13. Bf4 Nxf3+ 14. Qxf3
Qc8 15. c4 dxc4 16. Qc3 Rg8 17. Qxc4 g5 18. Be5 a5 19. a3 axb4 20. Bxc6+ Qxc6
21. axb4 Rc8 22. Qd3 Rg6 23. Rfd1 Be7 24. Qg3 h5 25. Bd6 g4 26. h4 Rd8 27. Bxe7
Kxe7 28. Rxd8 Kxd8 29. Qb8+ Qc8 30. Rd1+ 1-0

[Event "Quebec-ch qual."]
[Site "Montreal CAN"]
[Date "2019.02.03"]
[Round "3.4"]
[White "Soudre, Nicolas"]
[Black "Turcotte, Jonathan"]
[Result "1/2-1/2"]
[WhiteElo "2196"]
[BlackElo "2080"]
[PlyCount "59"]
[EventDate "2019.02.02"]
[EventType "swiss"]
[EventRounds "4"]
[EventCountry "CAN"]

1. e4 c6 2. Nc3 d5 3. Nf3 Bg4 4. h3 Bxf3 5. Qxf3 Nf6 6. d3 e6 7. Be2 Bb4 8. O-O
O-O 9. Qg3 Kh8 10. e5 Nfd7 11. f4 c5 12. f5 Nc6 13. f6 Rg8 14. Bg5 Ncxe5 15.
Qh2 Qb8 16. fxg7+ Rxg7 17. Bh6 Rg6 18. Bf4 f6 19. Bh5 Rg7 20. Ne2 Qg8 21. Bh6
Re7 22. Rxf6 Ba5 23. Rff1 Bc7 24. Bf4 Rf8 25. Rae1 Rf5 26. Bg4 Nxg4 27. hxg4
Bxf4 28. Rxf4 Rg5 29. Nc3 Reg7 30. Qh3 1/2-1/2

[Event "Quebec-ch qual."]
[Site "Montreal CAN"]
[Date "2019.02.03"]
[Round "3.5"]
[White "Tanaka, Tyler"]
[Black "Adam, Rafael"]
[Result "1-0"]
[WhiteElo "2159"]
[BlackElo "1555"]
[PlyCount "150"]
[EventDate "2019.02.02"]
[EventType "swiss"]
[EventRounds "4"]
[EventCountry "CAN"]

1. e4 e5 2. Nf3 Nc6 3. Bb5 a6 4. Ba4 d6 5. c3 Nf6 6. O-O Bg4 7. h3 Bh5 8. Re1
Be7 9. d3 O-O 10. Nbd2 h6 11. Nf1 Bxf3 12. Qxf3 Qd7 13. Bb3 Nd8 14. Ng3 Ne6 15.
Nf5 Kh7 16. h4 Ng8 17. h5 Bg5 18. d4 Bxc1 19. Raxc1 Ng5 20. Qd3 Rad8 21. Rcd1
Nf6 22. f4 exf4 23. Nxd6 cxd6 24. e5+ Nfe4 25. Bd5 Kh8 26. Bxe4 Nxe4 27. Qxe4
d5 28. Qxf4 Qe6 29. Rf1 Rd7 30. Rde1 Rc8 31. Re2 Rcc7 32. Ref2 Kg8 33. g4 Rc6
34. Rg2 Kh7 35. Kh2 f6 36. Qf5+ Qxf5 37. gxf5 Re7 38. Re1 Rc8 39. Rge2 Rce8 40.
Kg3 Kg8 41. Kf4 Kf7 42. Re3 b5 43. R1e2 a5 44. exf6 Rxe3 45. Rxe3 gxf6 46. Rxe8
Kxe8 47. Ke3 Kd7 48. Kd3 Kc6 49. b3 a4 50. bxa4 bxa4 51. c4 dxc4+ 52. Kxc4 a3
53. d5+ Kd6 54. Kd4 Kd7 55. Kc5 Kc7 56. d6+ Kd8 57. Kb4 Kd7 58. Kxa3 Kxd6 59.
Kb4 Ke5 60. a4 Kxf5 61. a5 Kg4 62. a6 Kxh5 63. a7 Kg4 64. a8=Q h5 65. Qg2+ Kf5
66. Kc3 h4 67. Kd3 Kf4 68. Ke2 f5 69. Kf2 Ke5 70. Kf3 f4 71. Qg5+ Ke6 72. Qxh4
Kf5 73. Qh5+ Ke6 74. Kxf4 Kf6 75. Qh6+ Kf7 1-0

[Event "Quebec-ch qual."]
[Site "Montreal CAN"]
[Date "2019.02.03"]
[Round "3.6"]
[White "Bilodeau-Savaria, Sandy-Rose"]
[Black "Lesage, Philippe"]
[Result "1/2-1/2"]
[WhiteElo "1034"]
[BlackElo "1857"]
[PlyCount "94"]
[EventDate "2019.02.02"]
[EventType "swiss"]
[EventRounds "4"]
[EventCountry "CAN"]

1. d4 Nf6 2. c4 e6 3. Nf3 b6 4. Nc3 Bb4 5. Bg5 h6 6. Bh4 Bb7 7. e3 c5 8. Bd3
cxd4 9. exd4 O-O 10. O-O d5 11. cxd5 Bxc3 12. bxc3 Bxd5 13. Ne5 Bb7 14. Bc2 Qd5
15. f3 g5 16. Bg3 Ba6 17. Re1 Nbd7 18. Qb1 Rac8 19. Nxd7 Nxd7 20. Qb3 Qc4 21.
Qxc4 Bxc4 22. Rec1 Nf6 23. Bb3 Nd5 24. Be1 Nf4 25. Bxc4 Rxc4 26. Kf1 Rfc8 27.
Rc2 Nd5 28. Ke2 b5 29. Rac1 Nf4+ 30. Kd1 Nd3 31. Rb1 b4 32. Rb3 Nxe1 33. Kxe1
bxc3 34. Rb7 a5 35. Rd7 Kf8 36. Ke2 Ke8 37. Ra7 a4 38. Kd3 Kf8 39. Rb7 Kg7 40.
Rb1 Kf6 41. Rbc1 Rb4 42. Rxc3 Rcb8 43. g4 Rb2 44. R1c2 Rb1 45. Rc4 Ra8 46. R2c3
Rf8 47. Ke3 Re1+ 1/2-1/2

[Event "Quebec-ch qual."]
[Site "Montreal CAN"]
[Date "2019.02.03"]
[Round "3.7"]
[White "Gauthier, Luc"]
[Black "Brunelle, Raymond"]
[Result "0-1"]
[WhiteElo "1650"]
[BlackElo "1140"]
[PlyCount "68"]
[EventDate "2019.02.02"]
[EventType "swiss"]
[EventRounds "4"]
[EventCountry "CAN"]

1. e4 c5 2. Nc3 Nc6 3. f4 d6 4. Nf3 e6 5. g3 g6 6. Bg2 Bg7 7. d3 Nge7 8. O-O
O-O 9. Be3 Nd4 10. e5 Nef5 11. Bf2 Nxf3+ 12. Qxf3 Nd4 13. Qd1 dxe5 14. fxe5
Bxe5 15. Ne4 Qc7 16. c3 Nf5 17. Bxc5 Rd8 18. Qe2 a5 19. d4 Bg7 20. Nd2 Ra6 21.
Rf2 b6 22. Ba3 Bb7 23. Nf3 Ra7 24. Rd1 Ba6 25. Qc2 Ne3 26. Qd2 Nxd1 27. Qxd1
Bb7 28. Qe2 Bc6 29. Bh3 Re8 30. Ng5 Bd7 31. Rxf7 Qd8 32. Qe3 Bh6 33. Qe5 Qxg5
34. Rg7+ Kh8 0-1

[Event "Quebec-ch qual."]
[Site "Montreal CAN"]
[Date "2019.02.03"]
[Round "3.8"]
[White "Pelletier, Arnaud"]
[Black "Hernandez, Juan Felipe"]
[Result "0-1"]
[WhiteElo "1538"]
[BlackElo "1478"]
[PlyCount "122"]
[EventDate "2019.02.02"]
[EventType "swiss"]
[EventRounds "4"]
[EventCountry "CAN"]

1. c4 c5 2. Nf3 e6 3. d4 d5 4. Nc3 Nf6 5. Bg5 Be7 6. e3 cxd4 7. Nxd4 Nc6 8.
cxd5 Nxd5 9. Nxc6 bxc6 10. Bxe7 Qxe7 11. Rc1 Qb4 12. Qc2 Bb7 13. Bd3 Rd8 14.
O-O Qc5 15. Ne4 Qxc2 16. Bxc2 O-O 17. Nc5 Ba8 18. a3 Nf6 19. Rfd1 Rb8 20. b3
Rfd8 21. Rxd8+ Rxd8 22. Rd1 Rxd1+ 23. Bxd1 Kf8 24. b4 Ke7 25. Bc2 Kd6 26. h3 a5
27. Nd3 axb4 28. Nxb4 c5 29. Na2 h6 30. g3 Bf3 31. Kf1 Kd5 32. Ke1 Kc4 33. Kd2
Nd5 34. Nc1 Nf6 35. Bd3+ Kd5 36. Kc3 Bg2 37. Ne2 e5 38. Bc4+ Kd6 39. Bxf7 Ne4+
40. Kc4 Nxf2 41. Nc3 Bf1+ 42. Kb3 Bxh3 43. a4 Bg2 44. a5 Bb7 45. Bc4 Ne4 46.
Nxe4+ Bxe4 47. Ka4 Kc6 48. Bb5+ Kb7 49. Kb3 Bd5+ 50. Kc3 h5 51. Be8 Ka6 52.
Bxh5 Kxa5 53. Be2 Kb6 54. Bc4 Kc6 55. Kd3 Kd6 56. e4 Bxc4+ 57. Kxc4 Kc6 58. g4
g5 59. Kc3 Kb5 60. Kb3 c4+ 61. Kc3 Kc5 0-1

[Event "Quebec-ch qual."]
[Site "Montreal CAN"]
[Date "2019.02.03"]
[Round "3.9"]
[White "Perron, Bernard"]
[Black "Navala, Anthony"]
[Result "0-1"]
[WhiteElo "1211"]
[BlackElo "1473"]
[PlyCount "39"]
[EventDate "2019.02.02"]
[EventType "swiss"]
[EventRounds "4"]
[EventCountry "CAN"]

1. e4 e6 2. Nc3 d5 3. Bd3 Nf6 4. Qe2 d4 5. e5 dxc3 6. exf6 cxd2+ 7. Bxd2 Qxf6
8. O-O-O Bd7 9. Nf3 Nc6 10. Bg5 Nd4 11. Qe3 Nf5 12. Bxf5 Qxf5 13. Nd4 Qa5 14.
Kb1 Bc5 15. Rd3 Bb5 16. Rc3 Bd7 17. Rd1 Bb6 18. g4 f5 19. Nxe6 Bxe3 20. Nxg7+ {
illegal move ( ... Ke7)} 0-1

[Event "Quebec-ch qual."]
[Site "Montreal CAN"]
[Date "2019.02.03"]
[Round "3.10"]
[White "Tesar, Mathias"]
[Black "Rebhi, Mohamed"]
[Result "1-0"]
[WhiteElo "1470"]
[BlackElo "1325"]
[PlyCount "85"]
[EventDate "2019.02.02"]
[EventType "swiss"]
[EventRounds "4"]
[EventCountry "CAN"]

1. d4 d5 2. Bf4 c5 3. e3 Nc6 4. c3 c4 5. Nf3 Bg4 6. Nbd2 Nf6 7. h3 Bh5 8. Be2
e6 9. Ne5 Bxe2 10. Qxe2 Be7 11. O-O O-O 12. e4 Nxe5 13. dxe5 Nd7 14. exd5 exd5
15. Nf3 Nc5 16. Rad1 Nd3 17. Bh2 Qa5 18. Ne1 Nxe1 19. Rfxe1 Rad8 20. a3 Rfe8
21. Bf4 Qb6 22. Rd2 Qc6 23. Qg4 Bc5 24. Rde2 Re6 25. Bg5 Rde8 26. Bf6 g6 27. h4
Bf8 28. h5 Bg7 29. Bxg7 Kxg7 30. Qg5 h6 31. Qg4 b5 32. hxg6 Rxg6 33. Qd4 Ree6
34. Qxa7 d4 35. Re4 Rxe5 36. Qxd4 f6 37. f4 Rxe4 38. Rxe4 h5 39. Re2 Qf3 40.
Qe3 Qd5 41. Qe7+ Kh6 42. Qf8+ Kh7 43. Re7+ 1-0

[Event "Quebec-ch qual."]
[Site "Montreal CAN"]
[Date "2019.02.03"]
[Round "4.1"]
[White "Beaulieu, Eric"]
[Black "Zhong, Kevin"]
[Result "1-0"]
[WhiteElo "2224"]
[BlackElo "2171"]
[PlyCount "47"]
[EventDate "2019.02.02"]
[EventType "swiss"]
[EventRounds "4"]
[EventCountry "CAN"]

1. d4 d5 2. c4 e6 3. Nf3 Nf6 4. g3 c5 5. cxd5 exd5 6. Bg2 Nc6 7. O-O Be7 8.
dxc5 Bxc5 9. Qc2 Be7 10. Nc3 O-O 11. Rd1 Be6 12. Ng5 g6 13. e4 d4 14. Nxe6 fxe6
15. Qb3 Qc8 16. Bh3 Kf7 17. Nd5 Nxe4 18. Bh6 Rd8 19. Qf3+ Kg8 20. Nxe7+ Nxe7
21. Qxe4 Nf5 22. Bg5 Rd6 23. Rac1 Qd7 24. Bf4 1-0

[Event "Quebec-ch qual."]
[Site "Montreal CAN"]
[Date "2019.02.03"]
[Round "4.2"]
[White "Zheng, Richard"]
[Black "Masse, Hugues"]
[Result "0-1"]
[WhiteElo "2073"]
[BlackElo "2288"]
[PlyCount "52"]
[EventDate "2019.02.02"]
[EventType "swiss"]
[EventRounds "4"]
[EventCountry "CAN"]

1. b3 e5 2. Bb2 Nc6 3. e3 Nf6 4. Bb5 Bd6 5. Bxc6 dxc6 6. d3 O-O 7. Nd2 Nd7 8.
Ngf3 f6 9. Qe2 Re8 10. O-O-O a5 11. g4 a4 12. g5 axb3 13. axb3 f5 14. Nc4 b5
15. Nxd6 cxd6 16. Rdg1 c5 17. e4 Nf8 18. exf5 Bxf5 19. Nd2 Ne6 20. h4 Qc7 21.
Ne4 c4 22. Kd1 Nf4 23. Qf3 cxd3 24. cxd3 Bxe4 25. dxe4 Rec8 26. g6 Ra1+ 0-1

[Event "Quebec-ch qual."]
[Site "Montreal CAN"]
[Date "2019.02.03"]
[Round "4.3"]
[White "Brunelle, Raymond"]
[Black "Soudre, Nicolas"]
[Result "0-1"]
[WhiteElo "1140"]
[BlackElo "2196"]
[PlyCount "62"]
[EventDate "2019.02.02"]
[EventType "swiss"]
[EventRounds "4"]
[EventCountry "CAN"]

1. e4 e6 2. d4 d5 3. e5 c5 4. c3 Qb6 5. Nf3 Nc6 6. Be2 Nh6 7. O-O cxd4 8. cxd4
Nf5 9. Qa4 Bd7 10. Nc3 Ncxd4 11. Qd1 Nxe2+ 12. Nxe2 Bb5 13. Re1 Bc5 14. Rf1 Rc8
15. g4 Ne7 16. Nfd4 Bxd4 17. Nxd4 Bxf1 18. Kxf1 Nc6 19. Nxc6 bxc6 20. b3 O-O
21. Be3 c5 22. Qd3 Qb7 23. Rc1 d4 24. Bd2 f6 25. exf6 Rxf6 26. Kg1 Rcf8 27. f4
Qd5 28. Rf1 e5 29. Qg3 exf4 30. Rxf4 Rxf4 31. Bxf4 Qf7 0-1

[Event "Quebec-ch qual."]
[Site "Montreal CAN"]
[Date "2019.02.03"]
[Round "4.4"]
[White "Langlois-Remillard, Alexis"]
[Black "Tanaka, Tyler"]
[Result "1/2-1/2"]
[WhiteElo "2165"]
[BlackElo "2159"]
[PlyCount "101"]
[EventDate "2019.02.02"]
[EventType "swiss"]
[EventRounds "4"]
[EventCountry "CAN"]

1. b3 Nf6 2. Bb2 g6 3. Bxf6 exf6 4. c4 Bg7 5. Nc3 f5 6. g3 b6 7. Bg2 Nc6 8. Nf3
Bb7 9. O-O h5 10. Rc1 Nd4 11. Nxd4 Bxg2 12. Kxg2 Bxd4 13. e3 Bxc3 14. Rxc3 Qf6
15. Qf3 Qc6 16. Qxc6 dxc6 17. b4 a5 18. b5 c5 19. d4 cxd4 20. exd4 O-O-O 21. c5
bxc5 22. dxc5 Kb7 23. Re1 Rhe8 24. Rxe8 Rxe8 25. Re3 Rd8 26. Ra3 Rd5 27. Rxa5
Rxc5 28. a4 f4 29. gxf4 Rf5 30. Kf3 g5 31. Kg3 Rxf4 32. f3 h4+ 33. Kg2 Rf6 34.
h3 Rb6 35. Kf2 f6 36. Ke3 Re6+ 37. Kd4 Re1 38. Ra6 Rh1 39. Rxf6 Rxh3 40. Ke4
Rh1 41. Rh6 h3 42. Ke3 h2 43. Kf2 Ra1 44. Rxh2 Rxa4 45. Rh5 g4 46. Rh4 Ra2+ 47.
Kg3 gxf3 48. Kxf3 Rd2 49. Ke3 Rd5 50. Rh6 Rxb5 51. Kd4 1/2-1/2

[Event "Quebec-ch qual."]
[Site "Montreal CAN"]
[Date "2019.02.03"]
[Round "4.5"]
[White "Turcotte, Jonathan"]
[Black "Toenz, Antoine"]
[Result "1/2-1/2"]
[WhiteElo "2080"]
[BlackElo "2025"]
[PlyCount "66"]
[EventDate "2019.02.02"]
[EventType "swiss"]
[EventRounds "4"]
[EventCountry "CAN"]

1. d4 d5 2. c4 c6 3. Nf3 Nf6 4. Nc3 e6 5. Bg5 h6 6. Bh4 Be7 7. e3 O-O 8. Rc1
Nbd7 9. Bd3 dxc4 10. Bxc4 b5 11. Bd3 a6 12. a4 Bb7 13. O-O b4 14. Ne4 Nxe4 15.
Bxe7 Nxf2 16. Bh7+ Kh8 17. Rxf2 Qxe7 18. Be4 Nf6 19. Bxc6 Ng4 20. Re2 Rac8 21.
Bxb7 Qxb7 22. h3 Rxc1 23. Qxc1 Rc8 24. Qd1 Nf6 25. Rc2 Nd5 26. Kf2 Rxc2+ 27.
Qxc2 Kg8 28. Ne5 b3 29. Qc4 Nf6 30. Kg1 Nd5 31. Kf2 Nf6 32. Kg3 Ne4+ 33. Kh2
Nf6 1/2-1/2

[Event "Quebec-ch qual."]
[Site "Montreal CAN"]
[Date "2019.02.03"]
[Round "4.6"]
[White "Lesage, Philippe"]
[Black "Hernandez, Juan Felipe"]
[Result "1-0"]
[WhiteElo "1857"]
[BlackElo "1478"]
[PlyCount "65"]
[EventDate "2019.02.02"]
[EventType "swiss"]
[EventRounds "4"]
[EventCountry "CAN"]

1. c4 c5 2. Nf3 e6 3. g3 d5 4. cxd5 exd5 5. Bg2 Nf6 6. O-O Be7 7. d4 O-O 8.
dxc5 Bxc5 9. Qc2 Qb6 10. e3 Nc6 11. Nc3 Nb4 12. Qd1 Bf5 13. Na4 Qb5 14. Nxc5
Qxc5 15. Nd4 Bg6 16. Bd2 Nd3 17. Bc3 b5 18. Nb3 Qc4 19. Nd2 Qc6 20. Qb3 Ne4 21.
Nxe4 dxe4 22. Rad1 Qc4 23. Bd4 Qxb3 24. axb3 Rac8 25. Rd2 a6 26. f3 f5 27. fxe4
fxe4 28. Rfd1 Bh5 29. Ra1 Bf3 30. Bh3 Rc1+ 31. Rxc1 Nxc1 32. Rf2 Nxb3 33. Be6+
1-0

[Event "Quebec-ch qual."]
[Site "Montreal CAN"]
[Date "2019.02.03"]
[Round "4.8"]
[White "Adam, Rafael"]
[Black "Gauthier, Luc"]
[Result "1/2-1/2"]
[WhiteElo "1555"]
[BlackElo "1650"]
[PlyCount "91"]
[EventDate "2019.02.02"]
[EventType "swiss"]
[EventRounds "4"]
[EventCountry "CAN"]

1. c4 f5 2. Nf3 Nf6 3. Nc3 e6 4. d3 d6 5. g3 Be7 6. Bg2 Nc6 7. O-O O-O 8. Rb1
e5 9. Bg5 h6 10. Bxf6 Bxf6 11. Nd5 Rb8 12. Qc2 Ne7 13. Rfc1 c6 14. Nxe7+ Qxe7
15. Nd2 Be6 16. a3 Bg5 17. e3 f4 18. exf4 exf4 19. Re1 fxg3 20. hxg3 Bxd2 21.
Qxd2 Qf6 22. b4 Bf5 23. Re3 Rf7 24. Rbe1 Rbf8 25. Re8 Rxe8 26. Rxe8+ Rf8 27.
Re1 Qd4 28. Bf1 Bg6 29. Re7 Rf3 30. Re3 Rf8 31. Qa2 Re8 32. Rxe8+ Bxe8 33. Qb3
Bh5 34. a4 Qa1 35. Qc2 Bd1 36. Qd2 Bxa4 37. Qe3 Bc2 38. Qe6+ Kh7 39. Qxd6 Qe1
40. Kg2 a5 41. bxa5 Qxa5 42. Qe7 Qb6 43. Qe4+ Kh8 44. Qe8+ Kh7 45. Qe4+ Kh8 46.
Qe8+ 1/2-1/2

[Event "Quebec-ch qual."]
[Site "Montreal CAN"]
[Date "2019.02.03"]
[Round "4.9"]
[White "Navala, Anthony"]
[Black "Pelletier, Arnaud"]
[Result "1/2-1/2"]
[WhiteElo "1473"]
[BlackElo "1538"]
[PlyCount "70"]
[EventDate "2019.02.02"]
[EventType "swiss"]
[EventRounds "4"]
[EventCountry "CAN"]

1. d4 Nf6 2. c4 g6 3. Nc3 Bg7 4. e4 d6 5. Nf3 O-O 6. Be2 e5 7. d5 a5 8. O-O Na6
9. Be3 Nc5 10. Bxc5 dxc5 11. Qc2 Ne8 12. h3 Nd6 13. Bd3 f5 14. Nh2 Kh8 15. Qe2
b6 16. b3 fxe4 17. Nxe4 Bf5 18. Rad1 a4 19. Nf3 Nxe4 20. Bxe4 Bxe4 21. Qxe4 Rf4
22. Qe3 Qf6 23. Rfe1 Re8 24. Re2 Qf5 25. d6 Rd8 26. d7 Rxd7 27. Rxd7 Qxd7 28.
Nxe5 Qd4 29. g3 Rf5 30. Nc6 Qd6 31. Qe8+ Rf8 32. Qe6 axb3 33. axb3 Qd1+ 34. Kg2
Qxb3 35. Ne5 Bxe5 1/2-1/2

[Event "Quebec-ch qual."]
[Site "Montreal CAN"]
[Date "2019.02.03"]
[Round "4.10"]
[White "Perron, Bernard"]
[Black "Tesar, Mathias"]
[Result "1-0"]
[WhiteElo "1211"]
[BlackElo "1470"]
[PlyCount "61"]
[EventDate "2019.02.02"]
[EventType "swiss"]
[EventRounds "4"]
[EventCountry "CAN"]

1. e4 d6 2. Nf3 Nf6 3. Nc3 Nbd7 4. Bb5 e5 5. d4 c6 6. Be2 Qc7 7. O-O Be7 8. h3
h6 9. Be3 Nf8 10. b4 g5 11. Nh2 Ng6 12. a3 Nf4 13. Ng4 Nxe2+ 14. Qxe2 h5 15.
Nxf6+ Bxf6 16. g3 Bxh3 17. Rfd1 g4 18. b5 exd4 19. Bxd4 Bxd4 20. Rxd4 O-O-O 21.
a4 Kb8 22. a5 Rh6 23. Qe3 Re6 24. Rb4 Qd7 25. Rd1 Rde8 26. Qd3 c5 27. Rdb1 Qd8
28. Ra1 Qf6 29. b6 a6 30. Nd5 Qg6 31. Nc7 1-0

[Event "Quebec-ch semi-rapide"]
[Site "Quebec CAN"]
[Date "2019.06.15"]
[Round "3"]
[White "Rainfray, Arnaud"]
[Black "Bolduc, Steve"]
[Result "1/2-1/2"]
[WhiteElo "2366"]
[BlackElo "2206"]
[PlyCount "71"]
[EventDate "2019.06.15"]
[EventType "swiss"]
[EventRounds "5"]
[EventCountry "CAN"]

1. e4 e5 2. Bc4 Nf6 3. d3 Bc5 4. Nf3 d6 5. c3 Nc6 6. O-O Bg4 7. Nbd2 Qd7 8. b4
Bb6 9. a4 a6 10. Qb3 h6 11. a5 Ba7 12. b5 axb5 13. Bxb5 O-O 14. Bb2 Qc8 15.
Rfe1 Be6 16. Qc2 Ne7 17. d4 Ng6 18. a6 c6 19. Bf1 b5 20. Ba3 Rd8 21. Nb3 Bb6
22. Bxd6 Rxd6 23. dxe5 Ng4 24. exd6 Bxf2+ 25. Kh1 Bxe1 26. Rxe1 Qxa6 27. h3 Qa2
28. Qxa2 Rxa2 29. hxg4 Bxb3 30. Nd4 Be6 31. Nxc6 Rd2 32. e5 Bd5 33. Nb4 Bb7 34.
Nd3 Kf8 35. Nc5 Bc6 36. Re2 1/2-1/2

[Event "RA CC-ch"]
[Site "Ottawa CAN"]
[Date "2019.02.21"]
[Round "5"]
[White "Upper, John"]
[Black "De Kerpel, Stijn"]
[Result "1-0"]
[WhiteElo "2201"]
[BlackElo "2129"]
[PlyCount "113"]
[EventDate "2019.01.24"]
[EventType "swiss"]
[EventRounds "6"]
[EventCountry "CAN"]

1. c4 Nf6 2. Nf3 e6 3. Nc3 d5 4. e3 a6 5. d4 Be7 6. b3 O-O 7. Bb2 Ne4 8. Bd3 f5
9. cxd5 exd5 10. Nxd5 Bd6 11. Qc2 c6 12. Nc3 Ng5 13. h4 Nxf3+ 14. gxf3 Qe7 15.
Na4 Be6 16. Nc5 Bc8 17. O-O-O b5 18. Rdg1 Nd7 19. f4 Nf6 20. Rg5 Nd5 21. Rhg1
Rf7 22. Kb1 Qf8 23. Be2 Raa7 24. Nd3 Rac7 25. Bh5 Rfe7 26. Bf3 Be6 27. Nc5 Bc8
28. a3 Rf7 29. b4 Be7 30. Bh5 Bxg5 31. Bxf7+ Qxf7 32. hxg5 Qh5 33. Nd3 Qe8 34.
Ne5 Qe6 35. Bc1 Qd6 36. Bd2 Qe6 37. Qc5 Ne7 38. Kb2 Qd5 39. Rc1 Qxc5 40. bxc5
Be6 41. Ba5 Rc8 42. Kc3 Nd5+ 43. Kd3 g6 44. Ra1 Kg7 45. Bd2 h5 46. gxh6+ Kxh6
47. Rg1 Ne7 48. f3 Kg7 49. Rh1 Ra8 50. Be1 Rc8 51. Bh4 Nd5 52. Bg5 b4 53. e4
bxa3 54. exd5 Bxd5 55. Ra1 a2 56. Nc4 Rb8 57. Kc3 1-0

[Event "RA December op"]
[Site "Ottawa  CAN"]
[Date "2019.12.06"]
[Round "1.1"]
[White "Sambuev, Bator"]
[Black "Mok, Yuen Tak"]
[Result "1-0"]
[WhiteElo "2575"]
[BlackElo "2052"]
[PlyCount "41"]
[EventDate "2019.12.06"]
[EventType "swiss"]
[EventRounds "5"]
[EventCountry "CAN"]

1. d4 d5 2. c4 e6 3. Nc3 c6 4. Nf3 Bd6 5. e4 dxe4 6. Nxe4 Bb4+ 7. Bd2 Qe7 8. c5
Bxd2+ 9. Qxd2 Nd7 10. Nd6+ Kf8 11. O-O-O h6 12. Ne5 Nxe5 13. dxe5 g6 14. g4 Qg5
15. f4 Qxg4 16. h4 Ne7 17. Bh3 Qf3 18. Bg2 Qh5 19. Qf2 g5 20. hxg5 Qg6 21. Be4
1-0

[Event "RA December op"]
[Site "Ottawa  CAN"]
[Date "2019.12.06"]
[Round "1.2"]
[White "Han, Johnathan"]
[Black "Dukic, Zachary"]
[Result "0-1"]
[WhiteElo "2005"]
[BlackElo "2369"]
[PlyCount "56"]
[EventDate "2019.12.06"]
[EventType "swiss"]
[EventRounds "5"]
[EventCountry "CAN"]

1. e4 c5 2. Nf3 Nc6 3. d4 cxd4 4. Nxd4 Nf6 5. Nc3 e5 6. Ndb5 d6 7. Bg5 a6 8.
Na3 b5 9. Bxf6 gxf6 10. Nd5 f5 11. c3 Bg7 12. exf5 Bxf5 13. Nc2 O-O 14. Nce3
Be6 15. Bd3 f5 16. O-O Kh8 17. Qh5 e4 18. Bc2 Ne7 19. Rad1 Bf7 20. Qe2 Nxd5 21.
Nxd5 Qh4 22. Qe3 Be5 23. g3 Qh3 24. f4 exf3 25. Rf2 Bxd5 26. Rxd5 f4 27. gxf4
Rg8+ 28. Kh1 Rg2 0-1

[Event "RA December op"]
[Site "Ottawa  CAN"]
[Date "2019.12.06"]
[Round "1.3"]
[White "Gordon, David"]
[Black "Kearnan, Daniel"]
[Result "1-0"]
[WhiteElo "2280"]
[BlackElo "1952"]
[PlyCount "45"]
[EventDate "2019.12.06"]
[EventType "swiss"]
[EventRounds "5"]
[EventCountry "CAN"]

1. d4 Nf6 2. Bg5 e6 3. e4 h6 4. Bxf6 Qxf6 5. c3 d6 6. Bd3 Nd7 7. Ne2 a6 8. O-O
Qe7 9. Nd2 g6 10. f4 Bg7 11. f5 exf5 12. Nf4 O-O 13. exf5 Qe3+ 14. Kh1 g5 15.
Nc4 Qe7 16. Nd5 Qd8 17. Qh5 Nf6 18. Nxf6+ Qxf6 19. Ne3 Qe7 20. Rae1 f6 21. Bc4+
Kh8 22. Ng4 Qd7 23. Nxh6 1-0

[Event "RA December op"]
[Site "Ottawa  CAN"]
[Date "2019.12.06"]
[Round "1.4"]
[White "Ramesh, Sanjay"]
[Black "Demchenko, Svitlana"]
[Result "0-1"]
[WhiteElo "1951"]
[BlackElo "2257"]
[PlyCount "58"]
[EventDate "2019.12.06"]
[EventType "swiss"]
[EventRounds "5"]
[EventCountry "CAN"]

1. d4 Nf6 2. c4 g6 3. Nc3 Bg7 4. e4 d6 5. Nf3 O-O 6. Be2 e5 7. O-O Nc6 8. Be3
h6 9. d5 Ne7 10. Nd2 Ne8 11. b4 f5 12. f3 f4 13. Bf2 g5 14. c5 h5 15. Nc4 Rf6
16. cxd6 cxd6 17. Nb5 b6 18. a4 Nc7 19. Nxb6 Nxb5 20. axb5 Rb8 21. Rxa7 g4 22.
Nxc8 Nxc8 23. Ra6 g3 24. hxg3 fxg3 25. Bxg3 Rg6 26. Bf2 Bh6 27. Qd3 Bf4 28. g4
Qd7 29. Kh1 hxg4 0-1

[Event "RA December op"]
[Site "Ottawa  CAN"]
[Date "2019.12.06"]
[Round "1.5"]
[White "Xu, Daniel"]
[Black "Ning, Alwin"]
[Result "1-0"]
[WhiteElo "2159"]
[BlackElo "1893"]
[PlyCount "69"]
[EventDate "2019.12.06"]
[EventType "swiss"]
[EventRounds "5"]
[EventCountry "CAN"]

1. d4 d5 2. c4 c6 3. Nf3 Nf6 4. Qc2 e6 5. Bf4 Nbd7 6. e3 Be7 7. h3 O-O 8. Nc3
dxc4 9. Bxc4 b5 10. Bd3 a6 11. O-O c5 12. Rfd1 Qb6 13. a4 c4 14. Be2 Bb7 15.
Nd2 Rac8 16. axb5 axb5 17. Nde4 b4 18. Nxf6+ Nxf6 19. Na4 Qc6 20. Bf3 Qd7 21.
Nb6 Qb5 22. Nxc8 Rxc8 23. Bxb7 Qxb7 24. Bg5 b3 25. Qe2 Nd5 26. Bxe7 Qxe7 27.
Rdc1 Qc7 28. Qxc4 Qxc4 29. Rxc4 Rb8 30. Rac1 Ne7 31. Rc7 Kf8 32. Ra7 Nc8 33.
Ra3 Ne7 34. Rc3 Nd5 35. Rcxb3 1-0